Gramática de la lengua española
Guardado en:
| Institution som forfatter: | |
|---|---|
| Format: | Bog |
| Sprog: | Undetermined |
| Udgivet: |
Madrid, España
Espasa-Calpe
1959
|
| Fag: | |
| Tags: |
Tilføj Tag
Ingen Tags, Vær først til at tagge denne postø!
|
MARC
| LEADER | 00000nam a2200000Ia 4500 | ||
|---|---|---|---|
| 008 | 170316s9999 xx 000 0 und d | ||
| 040 | |a cru BVZT | ||
| 090 | |a 415-E R-2g | ||
| 110 | |a Real Academia Española |9 940 | ||
| 245 | |a Gramática de la lengua española |c / Real Academia Española | ||
| 260 | |a Madrid, España |b Espasa-Calpe |c 1959 | ||
| 300 | |a 542 páginas | ||
| 650 | |a GRAMÁTICA ESPAÑOLA |9 35 | ||
| 650 | |a ANALOGÍA |9 941 | ||
| 650 | |a SINTAXIS |9 942 | ||
| 650 | |a PROSODIA |9 943 | ||
| 650 | |a ORTOGRAFÍA |9 57 | ||
| 999 | |c 3665 |d 3665 | ||
| 942 | |c 4 D |h 415-E R-2g |2 z | ||
